000 02742nam a2200361 a 4500
001 000113126
003 CHAP
005 20260303113223.0
008 170427s2016 mx sm |||||||spa d
040 _cCHAP
090 _aTesis
100 1 _aGutiérrez Montiel, Fernando
_9132038
245 1 0 _aUtilización de tres relaciones de proteína degradable y no degradable en rumen, en la ración de novillos holstein en engorda intensa /
_cpor Fernando Gutiérrez Montiel y Francisco Uriel Vite Orozco.
264 _aChapingo, Méx. :
_bEl autor,
_c2016.
300 _a1 recurso en línea (86 páginas).
336 _2rdacontent
_atexto
_btxt
337 _2rdamedia
_acomputadora
_bc
338 _2rdacarrier
_arecurso en línea
_bcr
502 _bIAEZ
_cZootecnía
_d2016.
_gLIC
520 _aCon el propósito de conocer el comportamiento productivo de novillos Holstein asignados a tres relaciones de PDR: PNDR en la ración, se realizó el presente estudio. Se utilizaron 21 novillos raza Holstein con peso vivo promedio de 180.0 ± 6.00 kg formándose tres grupos aleatoriamente y asignados a tres raciones (Tratamientos) con siete repeticiones por ración y tres relaciones de PDR: PNDR; T1(70:30), T2(50:50) y T3(30:70). Las raciones fueron isoprotéicas (15.6 % PC) e isoenergéticas (2.80 Mcal EM/ kg MS). Se usó un diseño completamente al azar, los datos de las variables estudiadas (GDPV, peso vivo final, consumo de alimento, conversión y eficiencia alimenticia) se sometieron a un análisis de varianza con modelos mixtos y mediciones repetidas en el tiempo. No se encontraron diferencias estadísticas (P> 0.05) en la GDPV de los novillos Holstein asignados a T1(70:30; 1.55 kg), T2(50:50; 1.65 kg) y T3(30:70; 1.47 kg), ni en peso vivo final, aunque los novillos con 50:50% de PDR: PNDR en la ración, fue mayor en 2.5 y 10.5%, comparándolos con los novillos asignados a las racion con 70:30 y 30:70, respectivamente. El consumo de alimento, la conversión y eficiencia alimenticia tampoco fueron influenciados por la relación de PDR: PNDR en la ración consumida, sin embargo, los novillos cuya ración consumida tenía 50:50% de PDR: PNDR fueron los que mejor beneficio económico demostraron.
590 _aE5765TAJ
_b05
_c20170427
590 _aE5765TAJ
_b05
_c20170427
650 1 4 _aGanado Holstein
_xAlimentación.
_9130391
650 1 4 _aGanado vacuno
_xEngorda.
_945461
650 1 4 _aGanado vacuno
_xPeso.
_945504
650 1 4 _aProteínas en nutrición animal.
_992454
700 1 _aVite Orozco, Francisco Uriel
_9132039
856 _uhttp://10.13.5.2/tesis/sist113126.pdf
_zDESCARGAR PDF
901 _aBK
942 _2Clasificación Universidad Autónoma Chapingo
_cTD
999 _c109587
_d109587